La guaracha del Macho Camacho

Desde su publicación en 1976 esta obra se convirtió en el texto literario puertorriqueño más difundido en el siglo XX. Narrada con humor, la novela puede leerse como una fiesta de máscaras minada secretamente por la tragedia. Una obra tragicómica tan bailable como el género musical sugerido en el tí...

Descripción completa

Detalles Bibliográficos
Autor principal: Sánchez, Luis Rafael
Formato: Libro
Lenguaje:español
Publicado: Madrid: Cátedra, 1976.
Colección:Letras Hispánicas
Materias:
Acceso en línea:

MARC

LEADER 00000cam a22000007a 4500
003 UAHC
005 20180503100853.0
008 180427s1976 sp ||||| |||| 00| 0 spa d
952 |0 0  |1 0  |2 ddc  |4 0  |6 863_000000000000000_SAN  |7 0  |8 COMP  |9 89874  |a BC  |b BC  |c General  |d 2018-04-27  |e Donación  |g 6000.00  |l 0  |o 863 SAN  |p 1442669  |r 2025-11-26 00:00:00  |t c.1  |v 6000.00  |w 2018-04-27  |y BK 
999 |c 50659  |d 50659 
020 |a 8437618630 
035 |a CENTRAL 
040 |a UAHC_CL  |c UAHC_CL  |d UAHC_CL 
082 |2 20  |a 863  |b S194 
100 |9 3235  |a Sánchez, Luis Rafael 
245 |a La guaracha del Macho Camacho  |c Luis Rafael Sánchez. 
260 |a Madrid:   |b Cátedra,  |c 1976. 
300 |a 313 p. 
440 |9 3232  |a Letras Hispánicas 
504 |a Incluye biografía 81-95 p. 
520 |a Desde su publicación en 1976 esta obra se convirtió en el texto literario puertorriqueño más difundido en el siglo XX. Narrada con humor, la novela puede leerse como una fiesta de máscaras minada secretamente por la tragedia. Una obra tragicómica tan bailable como el género musical sugerido en el título. La guaracha del Macho Camacho del escritor Luis Rafael Sánchez es un clásico de la literatura hispanoamericana contemporánea. Desde su publicación en 1976 se convirtió en el texto literario puertorriqueño más difundido en el siglo XX. Una obra cómica, trágicamente cómica, que alimenta su capacidad crítica con esa misma ambigüedad. Una obra tan bailable y tarareable como el género musical que se anuncia en el título y que se glosa continuamente en la novela: 'la gozadera caribeña y el acabóse de los acabóses'. 
541 |a Donación Poli Délano 
650 0 |9 3234  |a Novelas puertorriqueñas 
942 |2 ddc  |c BK